00253nam a2200109Ia 4500100001700000654001200017245003600029260004300065082001500108300000800123546001200131 aRibar/ L.J.  aWindows aFortran Programming for Windows bOsborne Mc graw HillaCaliforniac1993 a001.6424 F a238 aENGLISH